| 000 | 00438nam a2200157 a 4500 | ||
|---|---|---|---|
| 001 | 000031904 | ||
| 005 | 20200930063254.0 | ||
| 008 | 110707s2005 dr a 000 0 spa d | ||
| 040 |
_aDO-SdBNP _bspa _cBNPHU |
||
| 082 |
_axxxx _bA162h |
||
| 100 | 1 |
_aAbréu, Dió-genes _925691 |
|
| 245 | 1 | 0 |
_aHilario Olivo sobre piedra / _cDió-genes Abréu. |
| 260 |
_aSanto Domingo : _bArawak, _c2005. |
||
| 300 |
_a8 p. : _bil. ; _c27 cm. |
||
| 049 | _aBNPD | ||
| 999 |
_c31395 _d31395 |
||